The World Will Know - Newsies The Musical - Lyrics - Statistics

General Stats
  • This quiz has been taken 115 times
  • The average score is 387 of 497
Answer Stats
Characters Lyric % Correct
the
100%
a
98%
and
98%
And
98%
they
98%
Do
97%
do
97%
go
97%
Newsies No!
97%
no
97%
no?
97%
us
97%
us?
97%
we
97%
We
97%
got
95%
he
95%
hear
95%
will
95%
Will
95%
will-
95%
I
94%
know
94%
Who
94%
world
94%
World
94%
'o
92%
Jack | Newsies Pulitzer
92%
Pulitzer,
92%
think
92%
to
92%
ain't
91%
it
91%
it?
91%
or
91%
so
91%
So
91%
we're
91%
We're
91%
by
89%
Are
88%
you
88%
be
86%
news
86%
for
84%
just
84%
nothin'
84%
nothin'?
84%
too
84%
Jack We'll
84%
we'll
84%
Well
84%
what
84%
Jack What
84%
Can
83%
can
83%
of
83%
stop
83%
"Stop
83%
that
83%
That
83%
gonna
81%
Hearst,
81%
Hearst
81%
sayin'
81%
union
81%
But
80%
but
80%
Jack Even
80%
though
80%
have
78%
take
78%
badges
77%
don't
77%
Newsies Yeah!
77%
hats
75%
our
75%
Jack When
75%
pay
73%
Newsies See,
73%
see
73%
their
73%
we've
73%
We've
73%
been
72%
this
72%
today
72%
What's
72%
game
69%
Journal
69%
own
69%
voice
67%
come
66%
Joe
66%
may
66%
Jack & Davey Mister
66%
out
66%
out?
66%
ready
66%
bell
64%
hundred
64%
mighty
64%
rotten
64%
singin'
64%
swingin'
64%
Bill
63%
Break
63%
'em
63%
gotta
63%
if
63%
lousy
63%
makin'
63%
them
63%
tomorrow's
63%
ton
63%
voices
63%
whip
63%
won't
63%
aim
61%
crack
61%
means
61%
perfect
61%
really
61%
ringin'
61%
until
61%
whistle
61%
blow?
59%
grow
59%
headlines
59%
here!
59%
kick
59%
my
59%
scabbers?
59%
starts
59%
things
59%
circulation
58%
presses"
58%
is
56%
Is
56%
word?
56%
beans
55%
worth
55%
back
53%
Delanceys
53%
down
53%
Down
53%
gave
53%
hawkin'
53%
lost
53%
Now
53%
ranks
53%
choice
52%
shoe
52%
keepin'
50%
score
50%
sleep
50%
Jack & Davey 'Stead
50%
war
50%
through
48%
gives
47%
rights
47%
weep
47%
feel
45%
fire
45%
long
45%
dues
44%
Either
44%
finally
44%
Finally
44%
found
44%
old
42%
die
41%
paid
41%
rears
41%
away
39%
let
39%
cast
38%
show
36%
vote?
36%
fruits
34%
garbage
34%
kids
34%
passed
33%
day
31%
rise
31%
says
31%
torch
31%
all
30%
lose
28%
over
28%
streets
28%
throats?
28%
crock
27%
fight
27%
fun
27%
stomp
27%
stuff
27%
Try
27%
wait
22%
walk
22%
below
20%
waggons?
20%
From
19%
roar
19%
toe
19%
Your
19%
Everyday
13%
No matching quizzes found
Score Distribution
Percent of People with Each Score
Percentile by Number Answered
Your Score History
You have not taken this quiz